000 00461 a2200157 4500
005 20250609151141.0
020 _a0 304 30996 6
082 _aREF 423 HAY
100 _aHAYWARD, A. L.
245 _aCassell's English Dictionary : Including Words & Phrases Current Among the English Speaking People of the World.
250 _a4th Ed
260 _aLondon,
_bCassell,
_c1982.
300 _axi, 1346p.: ill.;
_c20cm.
700 _aSPARKES, J. J.
942 _2ddc
_cBKS
999 _c3549
_d3549